Sports Quiz

Random Sports Quiz

2013 Formula 1 Chassis Names Quiz Stats

Quiz not verified by Sporcle

Challenge
Share
Tweet
Embed
Score 0/11 Timer 04:00
0 Plays Today
Team Chassis Name % Correct
Red BullRB9
97.5%
McLarenMP4-28
74.1%
LotusE21
64.2%
WilliamsFW35
56.8%
FerrariF138
55.6%
SauberC32
55.6%
Scuderia Toro RossoSTR8
55.6%
Force IndiaVJM06
54.3%
CaterhamCT03
37%
MarussiaMR02
35.8%
MercedesF1 W04
22.2%

You're not logged in!

Compare scores with friends on all Sporcle quizzes.
Join for Free
OR
Log In

You Might Also Like...

Show Comments

Extras

Created Mar 18, 2013ReportNominate
Tags:2013, Formula 1, Formula One, name

Top Quizzes Today


Score Distribution

Your Account Isn't Verified!

In order to create a playlist on Sporcle, you need to verify the email address you used during registration. Go to your Sporcle Settings to finish the process.

Report this User

Report this user for behavior that violates our Community Guidelines.

Details: